Undertown

সংরক্ষণ করুন:
গ্রন্থ-পঞ্জীর বিবরন
প্রধান লেখক: Bukiet, Melvin Jules
বিন্যাস: গ্রন্থ
ভাষা:Undetermined
প্রকাশিত: New York Amulet Books 2013
বিষয়গুলি:
ট্যাগগুলো: ট্যাগ যুক্ত করুন
কোনো ট্যাগ নেই, প্রথমজন হিসাবে ট্যাগ করুন!
Thư viện lưu trữ: Trung tâm Học liệu Trường Đại học Cần Thơ
LEADER 00624nam a2200205Ia 4500
001 CTU_217455
008 210402s9999 xx 000 0 und d
020 |c 18.95 
082 |a 813.6 
082 |b B931 
100 |a Bukiet, Melvin Jules 
245 0 |a Undertown 
245 0 |c Melvin Jules Bukiet 
260 |a New York 
260 |b Amulet Books 
260 |c 2013 
650 |a Adventure and adventures,Phiêu lưu và thám hiểm,American literature,Văn học Mỹ 
650 |x Fiction,Tiểu thuyết 
904 |i Hiền, Trinh, Tuyến 
980 |a Trung tâm Học liệu Trường Đại học Cần Thơ